Statistiche per Film che hanno incassato almeno un Miliardo di dollari

Clicka qui per fare il quiz!

Statistiche generali

  • Questo quiz è stato fatto 11 volte
  • Il punteggio medio è 25 su 53

Statistiche sulle risposte

Incasso ($)Anno di uscita del filmFilm% Corretto
1 342 360 1142011Harry Potter e i Doni della Morte - Parte 2
89%
1 024 254 4012001Harry Potter e la pietra filosofale
89%
2 923 706 0262009Avatar
78%
2 320 250 2812022Avatar - La via dell'acqua
78%
1 402 809 5402015Avengers: Age of Ultron
78%
2 799 439 1002019Avengers: Endgame
78%
2 048 359 7542018Avengers: Infinity War
78%
1 131 927 9962019Spider-Man: Far from Home
78%
1 921 847 1112021Spider-Man: No Way Home
78%
1 027 082 7071999Star Wars: Episodio I - La minaccia fantasma
78%
1 332 698 8302017Star Wars: Gli ultimi Jedi
78%
2 069 521 7002015Star Wars: Il risveglio della Forza
78%
1 074 149 2792019Star Wars: L'ascesa di Skywalker
78%
1 518 815 5152012The Avengers
78%
2 264 743 3051997Titanic
78%
1 515 341 3992015Fast & Furious 7
67%
1 236 005 1182017Fast & Furious 8
67%
1 033 928 3031993Jurassic Park
56%
1 441 717 7242023Barbie
44%
1 153 337 4962016Captain America: Civil War
44%
1 006 234 1672008Il cavaliere oscuro
44%
1 155 595 0402003Il Signore degli Anelli - Il ritorno del re
44%
1 671 537 4442015Jurassic World
44%
1 001 978 0802022Jurassic World - Il dominio
44%
1 310 466 2962018Jurassic World - Il regno distrutto
44%
1 017 030 6512012Lo Hobbit - Un viaggio inaspettato
44%
1 054 304 0002019Aladdin
33%
1 029 266 9892016Alla ricerca di Dory
33%
1 128 462 9722019Captain Marvel
33%
1 281 508 1002013Frozen - Il regno di ghiaccio
33%
1 663 075 4012019Il re leone
33%
1 078 958 2822019Joker
33%
1 066 179 7472006Pirati dei Caraibi - La maledizione del forziere fantasma
33%
1 046 721 2662011Pirati dei Caraibi - Oltre i confini del mare
33%
1 108 569 4992012Skyfall
33%
1 362 015 5102023Super Mario Bros. - Il film
33%
1 495 696 2922022Top Gun: Maverick
33%
1 067 316 1012010Toy Story 3 - La grande fuga
33%
1 073 841 3942019Toy Story 4
33%
1 123 794 0792011Transformers 3
33%
1 104 054 0722014Transformers 4 - L'era dell'estinzione
33%
1 025 521 6892016Zootropolis
33%
1 152 028 3932018Aquaman
22%
1 347 597 9732018Black Panther
22%
1 034 800 1312017Cattivissimo me 3
22%
1 453 683 4762019Frozen II - Il segreto di Arendelle
22%
1 243 225 6672018Gli Incredibili 2
22%
1 214 811 2522013Iron Man 3
22%
1 264 435 3222017La bella e la bestia
22%
1 159 444 6622015Minions
22%
1 025 468 2162010Alice in Wonderland
11%
1 085 067 6372012Il cavaliere oscuro - Il ritorno
11%
1 058 682 1422016Rogue One: A Star Wars Story
11%

Distribuzione punteggi

Percentile per numero di risposta

Percentuale di utenti per punteggio

I tuoi punteggi nel tempo

Non hai fatto questo quiz